Contemporary Management (Record no. 33720)

MARC details
000 -LEADER
fixed length control field 00458nam a22001937a 4500
005 - DATE AND TIME OF LATEST TRANSACTION
control field 20231002134930.0
008 - FIXED-LENGTH DATA ELEMENTS--GENERAL INFORMATION
fixed length control field 230926b |||||||| |||| 00| 0 eng d
020 ## - INTERNATIONAL STANDARD BOOK NUMBER
ISBN 9780071151214
082 ## - DEWEY DECIMAL CLASSIFICATION NUMBER
Classification number 658
Item number JON-C
100 ## - MAIN ENTRY--AUTHOR
Author Name Jones,.Gareth R.
245 ## - TITLE STATEMENT
Title Contemporary Management
250 ## - EDITION STATEMENT
Edition statement 3rd.ed
260 ## - PUBLICATION, DISTRIBUTION, ETC.
Place of Publication India
Name of publisher, distributor, etc. McGraw-Hill
Date of publication, distribution, etc. 2003
300 ## - PHYSICAL DESCRIPTION
Pages 732
500 ## - GENERAL NOTE
General note Include Index
650 ## - SUBJECT ADDED ENTRY--TOPICAL TERM
Subject / Department Management
700 ## - ADDED ENTRY--PERSONAL NAME
Personal name Gareth R.Jones
952 ## - LOCATION AND ITEM INFORMATION (KOHA)
-- 0
-- 0
Holdings
Lost status Damaged status Collection code Permanent Location Current Location Shelving Location Date acquired Full Call Number Accession No./Barcode Date last seen item type
      Superior Information Resource Center (SIRC) Superior University- Main Campus Superior Information Resource Center (SIRC) Superior University- Main Campus Management 09/26/2023 658 JON-C 2003 20606 09/26/2023 BOOK

Powered by Koha